[Event "16. Memorial dr. Milana Vidmarja 2005"]
[Site "Portoroz SLO"]
[Date "2005.07.16"]
[Round "8.3"]
[White "Beliavsky, Alexander G"]
[Black "Djukic, Nikola"]
[Result "1-0"]
[WhiteElo "2599"]
[BlackElo "2521"]
[PlyCount "59"]
[EventDate "2005.07.09"]
[EventType "tourn"]
[EventRounds "9"]
[EventCountry "SLO"]
[Source "lmi"]
[SourceDate "2005.07.18"]

1. d4 Nf6 2. c4 g6 3. Nc3 Bg7 4. e4 d6 5. Nf3 O-O 6. Be2 e5 7. O-O Nc6 8. d5
Ne7 9. Nd2 a5 10. a3 Bd7 11. b3 c6 12. Bb2 c5 13. Nb5 Nc8 14. g3 Bh3 15. Re1
Bh6 16. Bf1 Bd7 17. Bc3 Ne8 18. b4 axb4 19. axb4 Rxa1 20. Qxa1 b6 21. Qa6 f5
22. exf5 gxf5 23. bxc5 bxc5 24. Nb3 Rf7 25. Nxc5 f4 26. Nxd7 Qxd7 27. Qc6 Nf6
28. Qxd7 Nxd7 29. Bh3 Kf8 30. Ra1 1-0

[Event "16. Memorial dr. Milana Vidmarja 2005"]
[Site "Portoroz SLO"]
[Date "2005.07.16"]
[Round "8.4"]
[White "Mihalcisin, Adrian"]
[Black "Baramidze, David"]
[Result "1/2-1/2"]
[WhiteElo "2526"]
[BlackElo "2535"]
[PlyCount "110"]
[EventDate "2005.07.09"]
[EventType "tourn"]
[EventRounds "9"]
[EventCountry "SLO"]
[Source "lmi"]
[SourceDate "2005.07.18"]

1. Nf3 c5 2. c4 Nc6 3. d4 cxd4 4. Nxd4 Nf6 5. Nc3 d6 6. e4 e6 7. Be2 Be7 8. O-O
O-O 9. Be3 Bd7 10. Qd2 a6 11. f3 Qb8 12. Rfd1 b5 13. cxb5 Nxd4 14. Bxd4 axb5
15. b4 Rc8 16. a3 Qb7 17. Rdc1 h6 18. Bd3 e5 19. Be3 Rc7 20. Qe2 Rb8 21. g3 Kf8
22. Kf2 Kg8 23. Kg2 Bf8 24. Rc2 Rbc8 25. Rac1 d5 26. Nxd5 Nxd5 27. exd5 Rxc2
28. Rxc2 Rxc2 29. Qxc2 Qxd5 30. Bh7+ Kh8 31. Be4 Qe6 32. g4 g6 33. Qd2 Kh7 34.
Bd5 Qe8 35. Qc2 f5 36. Qc7 Bg7 37. h3 Kh8 38. Qd6 e4 39. gxf5 Bxf5 40. f4 Qc8
41. Kg3 Kh7 42. Qc6 Bxh3 43. Qxc8 Bxc8 44. Bxe4 Bd7 45. Bc1 Ba1 46. Bd3 Kg7 47.
Kf3 Kf6 48. Kg3 Bc6 49. a4 bxa4 50. b5 Bd5 51. Bc2 Bc3 52. Bxa4 Be1+ 53. Kh3
Bf2 54. Bb2+ Kf5 55. Be5 g5 1/2-1/2

[Event "16. Memorial dr. Milana Vidmarja 2005"]
[Site "Portoroz SLO"]
[Date "2005.07.16"]
[Round "8.5"]
[White "Pavasovic, Dusko"]
[Black "Borisek, Jure"]
[Result "1-0"]
[WhiteElo "2566"]
[BlackElo "2509"]
[PlyCount "99"]
[EventDate "2005.07.09"]
[EventType "tourn"]
[EventRounds "9"]
[EventCountry "SLO"]
[Source "lmi"]
[SourceDate "2005.07.18"]

1. e4 c5 2. c3 Nf6 3. e5 Nd5 4. Nf3 Nc6 5. Bc4 Nb6 6. Bb3 d5 7. exd6 Qxd6 8.
O-O Be6 9. Bxe6 Qxe6 10. a4 Qd7 11. a5 Nd5 12. d4 e6 13. Ne5 Nxe5 14. dxe5 Ne7
15. Na3 Nc6 16. a6 b6 17. Qxd7+ Kxd7 18. Rd1+ Kc8 19. Bg5 h6 20. Bh4 g5 21. Bg3
Be7 22. Nb5 h5 23. h3 h4 24. Bh2 Nb8 25. f4 gxf4 26. Bxf4 Rd8 27. Rxd8+ Kxd8
28. g3 Kd7 29. gxh4 c4 30. h5 Kc6 31. Nd4+ Kd5 32. Kg2 Bc5 33. Nf3 Ke4 34. Bg5
Nd7 35. Rd1 Nf8 36. h4 Kf5 37. Kg3 b5 38. Bf6 Be3 39. Nd4+ Ke4 40. Nxb5 Bc5 41.
Nd6+ Bxd6 42. Rd4+ Ke3 43. exd6 Nd7 44. Bg5+ Ke2 45. Rxc4 f6 46. Rc7 Rd8 47.
Rxd7 Rxd7 48. Bxf6 Rxd6 49. h6 Rd7 50. Kf4 1-0

[Event "16. Memorial dr. Milana Vidmarja 2005"]
[Site "Portoroz SLO"]
[Date "2005.07.17"]
[Round "9.1"]
[White "Sermek, Drazen"]
[Black "Lenic, Luka"]
[Result "0-1"]
[WhiteElo "2532"]
[BlackElo "2463"]
[PlyCount "94"]
[EventDate "2005.07.09"]
[EventType "tourn"]
[EventRounds "9"]
[EventCountry "SLO"]
[Source "lmi"]
[SourceDate "2005.07.18"]

1. e4 c5 2. c3 d5 3. exd5 Qxd5 4. d4 Nf6 5. Nf3 e6 6. Be2 Nc6 7. O-O Be7 8. Be3
cxd4 9. Nxd4 Nxd4 10. cxd4 Bd7 11. Nc3 Qa5 12. a3 Bc6 13. b4 Qd8 14. b5 Ne4 15.
Rc1 Nxc3 16. Rxc3 Bd5 17. Bf3 O-O 18. Bxd5 Qxd5 19. Qf3 Qxf3 20. gxf3 a6 21. b6
Rac8 22. Rfc1 Rxc3 23. Rxc3 Bd6 24. Bg5 h6 25. Be3 Rd8 26. h3 Kf8 27. Kf1 Ke7
28. Ke2 Bb8 29. a4 Rd5 30. Rc8 Bd6 31. Rg8 g6 32. Bxh6 Rxd4 33. Bf8+ Kd7 34.
Bxd6 Kxd6 35. Rc8 Rxa4 36. Rc7 Rf4 37. Ke3 Rf5 38. Rxb7 Kc6 39. Rb8 a5 40. f4
Rd5 41. Ke4 Rd7 42. Ke5 Rb7 43. Ra8 Kxb6 44. Kd6 Kb5 45. f3 a4 46. h4 Kb4 47.
f5 exf5 0-1

[Event "16. Memorial dr. Milana Vidmarja 2005"]
[Site "Portoroz SLO"]
[Date "2005.07.17"]
[Round "9.2"]
[White "Baramidze, David"]
[Black "Pavasovic, Dusko"]
[Result "1/2-1/2"]
[WhiteElo "2535"]
[BlackElo "2566"]
[PlyCount "100"]
[EventDate "2005.07.09"]
[EventType "tourn"]
[EventRounds "9"]
[EventCountry "SLO"]
[Source "lmi"]
[SourceDate "2005.07.18"]

1. e4 e5 2. Nf3 Nf6 3. Nxe5 d6 4. Nf3 Nxe4 5. d4 d5 6. Bd3 Nc6 7. O-O Be7 8. c4
Nb4 9. Be2 Be6 10. Nc3 O-O 11. a3 Nxc3 12. bxc3 Nc6 13. cxd5 Bxd5 14. Be3 Na5
15. Nd2 c5 16. dxc5 Rc8 17. c4 Be6 18. Ne4 Nxc4 19. Bxc4 Bxc4 20. Qxd8 Rfxd8
21. Rfd1 Bb3 22. Rxd8+ Rxd8 23. h3 a6 24. Rb1 Bd5 25. Nd6 Bxd6 26. cxd6 Rxd6
27. Rd1 b5 28. Bc5 Rd7 29. Bb4 f6 30. h4 Kf7 31. f3 h5 32. Kf2 Ke6 33. Re1+ Kf5
34. Re7 Rxe7 35. Bxe7 a5 36. Ke3 g5 37. g3 Bc6 38. Bc5 Ke6 39. Bd4 b4 40. axb4
axb4 41. Bb2 Bd5 42. f4 gxh4 43. gxh4 Bb3 44. Kd4 Bd1 45. Kc4 b3 46. Kb4 Bc2
47. Ka3 f5 48. Bg7 Kd5 49. Kb2 Ke4 50. Bh6 Kf3 1/2-1/2